000 00667nam a2200265Ia 4500
003 OSt
005 20220912150641.0
006 a|||||r|||| 00| 0
007 ta
008 220909b |||||||| |||| 00| 0 eng d
024 _a39232
037 _cTextual
040 _aCSL
_beng
_cCSL
041 _aeng
082 _aB316, L01
100 _aSteen L A
245 0 _aCounterexamples in topology
260 _aHolt
_bRinehart and winston
_c1970
300 _axiii,210p.
_ccm.
650 _a Topology
650 _aMathematics
700 _a Seebach J A
942 _hB316, L01
_cTEXL
_2CC
999 _c51834
_d51834